000 00301nam a2200109Ia 4500
008 171211s9999 xx 000 0 und d
245 _aGirls' Gymnastics (Girls' Sportszone)
245 _cBlythe Lawrence
260 _c2013
650 _xFITNESS
856 _uhttp://down.ebook777.com/061/1617839868.pdf
999 _c349105
_d349105